000 00989nac a22002777a 4500
001 BR8501980
003 BR-BrBNA
005 20240105120305.0
008 230509b bl.|||m| |||| 00| 0 por d
040 _aBR-BrBNA
_bpor
_cBiblioteca Nacional de Agricultura
072 _aF30
090 _a1410 BR8501980
100 1 _aSerpa, J.E.S.
100 1 _aCarvalho, H.W.L. de
110 1 _aUnidade de Execucao de Pesquisa de Ambito Estadual de Aracaju, SE (Brasil)
_910344
245 1 _aIntroducao e avaliacao de cultivares de feijao (Phaseolus vulgaris L.)no estado de Sergipe [Brasil]
260 3 _aAracaju, SE (Brasil):
_c1985.
300 _a7 p.
490 _aPesquisa em Andamento - Unidade de Execucao de Pesquisa de Ambito Estadual de Aracaju (Brazil)
_vno. 32
_xISSN 0101-7357
650 _aFEIJAO
650 _aINTRODUCAO DE PLANTA
650 _aCARACTERISTICAS AGRONOMICAS
650 _aSERGIPE
909 _a202312
_bLúcia Elande
_c55
_dLúcia Elande
942 _2AGRIS
_n0
_cMS
999 _c278702
_d278702